[Event "SVM Verbandsliga West 2023-24"]
[Site "?"]
[Date "2024.02.04"]
[Round "6.1"]
[White "Kellerwessel, Ralf"]
[Black "Härtel, Stephan"]
[Result "1-0"]
[WhiteElo "1895"]
[BlackElo "1958"]
[PlyCount "69"]
[EventDate "2023.09.03"]
[EventType "team-tourn"]
[EventRounds "9"]
[EventCountry "GER"]
[WhiteTeam "Tigerli Aachen 1"]
[BlackTeam "Turm Bergheim 1"]

1. d4 Nf6 2. c4 d5 3. cxd5 g6 4. Nf3 Bg7 5. g3 O-O 6. Bg2 Nxd5 7. O-O c6 8. e4 Nc7 9. Nc3 Bg4 10. Be3 Nd7 11. h3 Be6 12. Qd2 Nb6 13. b3 Ne8 14. Rac1 Nf6 15. Rfd1 Rc8 16. Bh6 Bd7 17. Ne5 c5 18. Bxg7 Kxg7 19. d5 c4 20. Qd4 cxb3 21. axb3 Kg8 22. Nd3 Ne8 23. Nc5 Qc7 24. Ne2 Qb8 25. Nxd7 Nxd7 26. Rxc8 Qxc8 27. Rc1 Qb8 28. f4 b6 29. Qc3 Nd6 30. Nd4 Nc5 31. Qe3 Rc8 32. Nc6 Qb7 33. g4 Rc7 34. b4 Na4 35. e5 1-0

[Event "SVM Verbandsliga West 2023-24"]
[Site "?"]
[Date "2024.02.04"]
[Round "6.2"]
[White "Potrafke, Dirk"]
[Black "Schuller, Bernd"]
[Result "1-0"]
[WhiteElo "1882"]
[BlackElo "1777"]
[PlyCount "77"]
[EventDate "2023.09.03"]
[EventType "team-tourn"]
[EventRounds "9"]
[EventCountry "GER"]
[WhiteTeam "Turm Bergheim 1"]
[BlackTeam "Tigerli Aachen 1"]

1. d4 Nf6 2. Nc3 e6 3. Bf4 a6 4. e3 c5 5. a4 Qb6 6. Rb1 cxd4 7. exd4 Bb4 8. Qd3 Nc6 9. Nf3 Ne4 10. Rd1 d5 11. Be2 Qa5 12. Bd2 Nxd2 13. Nxd2 Bxc3 14. bxc3 O-O 15. O-O e5 16. Qg3 exd4 17. Nb3 Qxc3 18. Rd3 Qxc2 19. Bd1 Qc4 20. Re1 Bf5 21. Rd2 d3 22. Qg5 Rfe8 23. Rf1 Bg6 24. h4 h6 25. Qg3 Re7 26. h5 Bh7 27. f4 Bf5 28. Qf2 Rae8 29. Rb2 Qc3 30. Rd2 d4 31. Kh2 Re3 32. Kg1 Nb4 33. Kh2 Nd5 34. g4 Bxg4 35. Bxg4 Qxb3 36. Rg1 R8e4 37. Bf3 Re7 38. Qg2 f6 39. Bxd5+ 1-0

[Event "SVM Verbandsliga West 2023-24"]
[Site "?"]
[Date "2024.02.04"]
[Round "6.3"]
[White "Wagner, Alfred"]
[Black "Buller, Ivan"]
[Result "1/2-1/2"]
[WhiteElo "1754"]
[BlackElo "1867"]
[PlyCount "47"]
[EventDate "2023.09.03"]
[EventType "team-tourn"]
[EventRounds "9"]
[EventCountry "GER"]
[WhiteTeam "Tigerli Aachen 1"]
[BlackTeam "Turm Bergheim 1"]

1. e4 e5 2. Nf3 Nf6 3. Nxe5 d6 4. Nf3 Nxe4 5. d4 d5 6. Bd3 Bd6 7. O-O O-O 8. Re1 Re8 9. c4 c6 10. Nc3 Nxc3 11. Rxe8+ Qxe8 12. bxc3 dxc4 13. Bxc4 Bg4 14. Be3 Nd7 15. Rb1 b5 16. Be2 Nb6 17. h3 Bf5 18. Bd3 Qd7 19. Qc2 Bg6 20. Bxg6 hxg6 21. Qe4 Qf5 22. Nd2 Qxe4 23. Nxe4 Bc7 24. Nd2 1/2-1/2

[Event "SVM Verbandsliga West 2023-24"]
[Site "?"]
[Date "2024.02.04"]
[Round "6.4"]
[White "Lambertz, Walter"]
[Black "Greim, Roman"]
[Result "0-1"]
[WhiteElo "1807"]
[BlackElo "1776"]
[PlyCount "128"]
[EventDate "2023.09.03"]
[EventType "team-tourn"]
[EventRounds "9"]
[EventCountry "GER"]
[WhiteTeam "Turm Bergheim 1"]
[BlackTeam "Tigerli Aachen 1"]

1. b3 c5 2. Bb2 Nc6 3. c4 e6 4. g3 Nf6 5. Bg2 d6 6. f4 Bd7 7. Nc3 a6 8. Nf3 Qc7 9. e4 Be7 10. O-O Nd4 11. Nxd4 cxd4 12. Ne2 e5 13. h3 h5 14. d3 g6 15. a4 Qc8 16. Kh2 h4 17. Rf3 hxg3+ 18. Rxg3 Ng4+ 19. Kg1 Ne3 20. Qd2 Nxg2 21. Kxg2 Bxh3+ 22. Kf3 Bh4 23. Rag1 Bxg3 24. Rxg3 Bd7 25. fxe5 dxe5 26. Ba3 Qc6 27. Qg5 Qe6 28. Nc1 Rh3 29. Ne2 Bc8 30. Rxh3 Qxh3+ 31. Ng3 Qe6 32. Qh6 b6 33. Qf8+ Kd7 34. Qb4 f6 35. a5 Bb7 36. axb6 f5 37. Qc5 Rc8 38. Qb4 f4 39. Qa4+ Rc6 40. Nf1 g5 41. b4 Qh3+ 42. Kf2 g4 43. b5 Rxb6 44. Qb4 Qh4+ 45. Ke2 f3+ 46. Kd1 f2 47. Qf8 Qf6 48. Qxf6 Rxf6 49. Ke2 axb5 50. cxb5 Rf3 51. Bc1 Kc7 52. Ba3 Bc8 53. Nd2 Rf7 54. Nf1 g3 55. Nxg3 Bh3 56. Nf1 Bxf1+ 57. Kxf1 Rf3 58. b6+ Kxb6 59. Bd6 Rxd3 60. Bxe5 Rd2 61. Bg3 d3 62. Bxf2+ Kc6 63. Kg2 Ra2 64. Kf3 d2 0-1

[Event "SVM Verbandsliga West 2023-24"]
[Site "?"]
[Date "2024.02.04"]
[Round "6.5"]
[White "Heiermann, Peter"]
[Black "Titz, Stefan"]
[Result "1-0"]
[WhiteElo "1621"]
[BlackElo "1768"]
[PlyCount "75"]
[EventDate "2023.09.03"]
[EventType "team-tourn"]
[EventRounds "9"]
[EventCountry "GER"]
[WhiteTeam "Tigerli Aachen 1"]
[BlackTeam "Turm Bergheim 1"]

1. d4 d5 2. Nf3 Nf6 3. h3 Bf5 4. Bf4 e6 5. Nbd2 Bd6 6. Ne5 O-O 7. e3 Nbd7 8. Be2 Qe7 9. O-O c5 10. c3 Ne8 11. Ndf3 f6 12. Nxd7 Qxd7 13. Bxd6 Qxd6 14. Re1 Bg6 15. Rc1 c4 16. b3 b5 17. Nd2 Qd7 18. Bh5 Nd6 19. Bxg6 hxg6 20. Qg4 Qf7 21. e4 f5 22. exf5 gxf5 23. Qf4 Ne4 24. Nf3 Rac8 25. bxc4 bxc4 26. Ne5 Qe8 27. f3 g5 28. Qe3 f4 29. Qe2 Ng3 30. Qc2 Nf5 31. Rb1 Rb8 32. Rxb8 Qxb8 33. Nd7 Qd6 34. Nxf8 Kxf8 35. Qa4 Qb6 36. Qd7 Ne3 37. Qh7 e5 38. Rb1 1-0

[Event "SVM Verbandsliga West 2023-24"]
[Site "?"]
[Date "2024.02.04"]
[Round "6.6"]
[White "Houben, Maximilian"]
[Black "Schrader, Bernd"]
[Result "1-0"]
[WhiteElo "1694"]
[BlackElo "1525"]
[PlyCount "67"]
[EventDate "2023.09.03"]
[EventType "team-tourn"]
[EventRounds "9"]
[EventCountry "GER"]
[WhiteTeam "Turm Bergheim 1"]
[BlackTeam "Tigerli Aachen 1"]

1. d4 Nf6 2. c4 c5 3. d5 g6 4. Nc3 Bg7 5. e4 d6 6. f3 O-O 7. Bg5 Nbd7 8. g4 h6 9. Be3 Ne5 10. Qd2 b6 11. Bxh6 Ne8 12. Bxg7 Kxg7 13. Be2 e6 14. O-O-O Ba6 15. b3 Nc7 16. f4 Nd7 17. Nf3 e5 18. f5 Rb8 19. h4 Nf6 20. h5 Nxg4 21. Rdg1 Nh6 22. hxg6 Rh8 23. gxf7+ Kxf7 24. Rxh6 Qf8 25. Rxh8 Qxh8 26. Qg5 Rg8 27. Qxg8+ Qxg8 28. Rxg8 Kxg8 29. Nxe5 dxe5 30. d6 Kf8 31. dxc7 Ke7 32. Nd5+ Kd7 33. f6 Ke8 34. Bg4 1-0

[Event "SVM Verbandsliga West 2023-24"]
[Site "?"]
[Date "2024.02.04"]
[Round "6.7"]
[White "Terlaak, Michael"]
[Black "Freese, Carsten"]
[Result "0-1"]
[WhiteElo "1511"]
[BlackElo "1708"]
[PlyCount "62"]
[EventDate "2023.09.03"]
[EventType "team-tourn"]
[EventRounds "9"]
[EventCountry "GER"]
[WhiteTeam "Tigerli Aachen 1"]
[BlackTeam "Turm Bergheim 1"]

1. d4 d5 2. c4 c6 3. Nf3 e6 4. e3 Nf6 5. a3 Bd6 6. c5 Bc7 7. Bd3 Nbd7 8. O-O e5 9. Bf5 e4 10. Bxd7+ Nxd7 11. Nfd2 Nf6 12. h3 g5 13. f4 gxf4 14. exf4 Rg8 15. f5 h5 16. Qe1 Bg3 17. Qe2 Qe7 18. Nb3 Bd7 19. Bf4 O-O-O 20. Bxg3 Rxg3 21. N1d2 Rdg8 22. Rf2 e3 23. Rf3 Rxg2+ 24. Qxg2 Rxg2+ 25. Kxg2 exd2 26. Nxd2 Qe2+ 27. Rf2 Qd3 28. Nf3 Ne4 29. Rff1 Bxf5 30. Rad1 Qe2+ 31. Kh1 Bxh3 0-1

[Event "SVM Verbandsliga West 2023-24"]
[Site "?"]
[Date "2024.02.04"]
[Round "6.8"]
[White "Fricke, Rudolf"]
[Black "Kleistra, Michel"]
[Result "1/2-1/2"]
[WhiteElo "1622"]
[BlackElo "1465"]
[PlyCount "77"]
[EventDate "2023.09.03"]
[EventType "team-tourn"]
[EventRounds "9"]
[EventCountry "GER"]
[WhiteTeam "Turm Bergheim 1"]
[BlackTeam "Tigerli Aachen 1"]

1. c4 Nf6 2. Nc3 b6 3. g3 Bb7 4. Nf3 Nc6 5. d4 e6 6. Bg2 d5 7. O-O Be7 8. Ne5 O-O 9. Qa4 Nxe5 10. dxe5 Ne8 11. Rd1 c6 12. cxd5 cxd5 13. e4 Nc7 14. Bf4 a6 15. Qb3 b5 16. exd5 exd5 17. Nxd5 Nxd5 18. Bxd5 Bxd5 19. Rxd5 Qc8 20. Rad1 Rd8 21. Qd3 g5 22. Be3 h6 23. Rd7 Rxd7 24. Qxd7 Qxd7 25. Rxd7 Kf8 26. f4 f6 27. e6 Rd8 28. Ra7 Rd6 29. f5 h5 30. h3 Rd3 31. Kf2 Rd6 32. Ke2 Rc6 33. Kf3 Rc2 34. Rxa6 Rxb2 35. Ra8+ Kg7 36. Re8 Bd6 37. Rd8 Be7 38. Rd7 Kf8 39. Rb7 1/2-1/2

[Event "SVM Verbandsliga West 2023-24"]
[Site "?"]
[Date "2024.02.04"]
[Round "6.1"]
[White "Yeritsyan, Artur"]
[Black "Bien, Stefan"]
[Result "1-0"]
[WhiteElo "1863"]
[BlackElo "2055"]
[PlyCount "94"]
[EventDate "2023.09.03"]
[EventType "team-tourn"]
[EventRounds "9"]
[EventCountry "GER"]
[WhiteTeam "Brühler SK 3"]
[BlackTeam "SV Horrem 1"]

1. c4 c6 2. g3 d5 3. Bg2 Nf6 4. Nf3 Bg4 5. O-O Bxf3 6. Bxf3 e6 7. cxd5 exd5 8. d4 Be7 9. Nc3 O-O 10. Bf4 Bd6 11. Qd2 Re8 12. Rac1 Na6 13. a3 Nc7 14. Rfd1 Bxf4 15. Qxf4 Qe7 16. Rb1 a6 17. b4 Nb5 18. Rb3 h6 19. Qd2 Nd6 20. a4 b5 21. e3 Rab8 22. Ra1 Nc4 23. Qe1 Rb6 24. Rbb1 Nd6 25. axb5 axb5 26. Ne2 Qb7 27. Nf4 Ra6 28. Rxa6 Qxa6 29. Ra1 Qb7 30. Nd3 Nd7 31. Qc3 Ra8 32. Kg2 f5 33. Bh5 Kh7 34. Nf4 g5 {(=)} 35. Nd3 Ne4 36. Qc1 g4 37. Nf4 Nf8 38. h3 gxh3+ 39. Nxh3 Ng5 40. Rxa8 Qxa8 41. Qc5 Nge6 42. Qe7+ Ng7 43. Nf4 Qc8 44. Qf7 Qd8 45. Bg6+ Nxg6 46. Nh5 Qe7 47. Nf6+ Qxf6 1-0

[Event "SVM Verbandsliga West 2023-24"]
[Site "?"]
[Date "2024.02.04"]
[Round "6.3"]
[White "Neuens, Heiko"]
[Black "Schulz, Wilhelm"]
[Result "1/2-1/2"]
[WhiteElo "1872"]
[BlackElo "2009"]
[PlyCount "36"]
[EventDate "2023.09.03"]
[EventType "team-tourn"]
[EventRounds "9"]
[EventCountry "GER"]
[WhiteTeam "Brühler SK 3"]
[BlackTeam "SV Horrem 1"]

1. c4 Nf6 2. Nc3 e5 3. Nf3 Nc6 4. d4 exd4 5. Nxd4 Bc5 6. e3 O-O 7. Be2 Re8 8. O-O d6 9. Nxc6 bxc6 10. Na4 Bb6 11. c5 dxc5 12. Qc2 Qe7 13. b3 Nd5 14. Bb2 f5 15. Bf3 Nb4 16. Qc3 Nd5 17. Qc2 Nb4 18. Qc3 Nd5 {(=)} 1/2-1/2

[Event "SVM Verbandsliga West 2023-24"]
[Site "?"]
[Date "2024.02.04"]
[Round "6.4"]
[White "Krings, Thomas"]
[Black "Schottmüller, Christoph"]
[Result "1/2-1/2"]
[WhiteElo "2016"]
[BlackElo "1910"]
[PlyCount "51"]
[EventDate "2023.09.03"]
[EventType "team-tourn"]
[EventRounds "9"]
[EventCountry "GER"]
[WhiteTeam "SV Horrem 1"]
[BlackTeam "Brühler SK 3"]

1. e4 e5 2. Nf3 Nc6 3. Bb5 Nf6 4. Qe2 Bd6 5. c3 Ne7 6. O-O Ng6 7. d4 c6 8. Bc4 O-O 9. dxe5 Nxe5 10. Nxe5 Bxe5 11. f4 Bc7 12. e5 Nd5 13. Rd1 Nb6 14. Nd2 d6 15. Bb3 dxe5 16. Nf3 Qe7 17. Nxe5 Bf5 18. Be3 Bxe5 19. fxe5 Qxe5 20. Qf2 Bg4 21. Rf1 Be6 22. Bd4 Qh5 23. Qg3 Qg4 24. Bxe6 Qxg3 25. Bxf7+ Rxf7 26. hxg3 {(=)} 1/2-1/2

[Event "SVM Verbandsliga West 2023-24"]
[Site "?"]
[Date "2024.02.04"]
[Round "6.5"]
[White "Vladimirow, Anguel"]
[Black "Allatif, Kinan"]
[Result "0-1"]
[WhiteElo "1860"]
[BlackElo "1894"]
[PlyCount "90"]
[EventDate "2023.09.03"]
[EventType "team-tourn"]
[EventRounds "9"]
[EventCountry "GER"]
[WhiteTeam "Brühler SK 3"]
[BlackTeam "SV Horrem 1"]

1. g4 h5 2. g5 e5 3. h4 d5 4. d4 Nc6 5. dxe5 Nxe5 6. Bf4 Ng6 7. Bg3 c6 8. c3 Bd6 9. Bxd6 Qxd6 10. e3 Ne5 11. Be2 Bf5 12. Na3 Ne7 13. Nc4 Nxc4 14. Bxc4 Be4 15. Rh3 O-O-O 16. Bf1 Rhe8 17. Bd3 Ng6 18. Bxe4 Rxe4 19. Qxh5 Nf4 20. Qxf7 Nxh3 21. Qf5+ Qd7 22. Qxd7+ Kxd7 23. Nxh3 Rxh4 24. Ng1 Rh1 25. Ke2 Rf8 26. Rf1 Rfh8 27. Nf3 Rxf1 28. Kxf1 Rh1+ 29. Ng1 Rh4 30. Ne2 Kd6 31. b4 a5 32. a3 c5 33. bxc5+ Kxc5 34. Nd4 Kc4 35. Nf5 Rg4 36. Nd6+ Kxc3 37. Nxb7 Rxg5 38. Nxa5 d4 39. Nc6 d3 40. Nb4 Rg1+ 41. Kxg1 d2 42. Nd5+ Kb2 43. Kh2 d1=Q 44. Nf4 g5 45. Nh3 Qf3 0-1

[Event "SVM Verbandsliga West 2023-24"]
[Site "?"]
[Date "2024.02.04"]
[Round "6.6"]
[White "Fuhs, Jürgen"]
[Black "Thierkopf, Guido"]
[Result "1-0"]
[WhiteElo "2073"]
[BlackElo "1535"]
[PlyCount "60"]
[EventDate "2023.09.03"]
[EventType "team-tourn"]
[EventRounds "9"]
[EventCountry "GER"]
[WhiteTeam "SV Horrem 1"]
[BlackTeam "Brühler SK 3"]

1. e4 e5 2. Nc3 Bc5 3. Nf3 Nc6 4. Bc4 d6 5. h3 h6 6. d3 Nf6 7. Be3 Bb4 8. O-O Bxc3 9. bxc3 Na5 10. Bb5+ c6 11. Ba4 b5 12. Bb3 Nxb3 13. cxb3 O-O 14. a4 bxa4 15. Rxa4 c5 16. Qc2 Bd7 17. Ra3 Bc6 18. Rfa1 Qe7 19. Qa2 Rfb8 20. Nd2 Rb7 21. Ra5 Bb5 22. Qc2 Bd7 23. f4 exf4 24. Bxf4 Nh5 25. Be3 f5 {(=)} 26. Rf1 Rf8 27. Nc4 f4 28. Nxd6 Qxd6 29. Bxc5 Qc7 30. b4 Rf7 1-0

[Event "SVM Verbandsliga West 2023-24"]
[Site "?"]
[Date "2024.02.04"]
[Round "6.7"]
[White "Worbs, Jürgen"]
[Black "Reinhardt, Ingo"]
[Result "1/2-1/2"]
[WhiteElo "1491"]
[BlackElo "1775"]
[PlyCount "39"]
[EventDate "2023.09.03"]
[EventType "team-tourn"]
[EventRounds "9"]
[EventCountry "GER"]
[WhiteTeam "Brühler SK 3"]
[BlackTeam "SV Horrem 1"]

1. c4 Nf6 2. Nc3 g6 3. Nf3 Bg7 4. g3 d6 5. Bg2 O-O 6. O-O e5 7. d3 Nc6 8. Bd2 h6 9. a3 a5 10. e4 Bd7 11. h3 Kh7 12. Nd5 Ne7 13. Nxf6+ Bxf6 14. Bc3 c5 15. a4 Bg7 16. Nd2 Qc8 17. Kh2 Qc7 18. Kg1 Rae8 19. Re1 b6 20. b3 {(=)} 1/2-1/2

[Event "SVM Verbandsliga West 2023-24"]
[Site "?"]
[Date "2024.02.04"]
[Round "6.8"]
[White "Olschewski, Martin"]
[Black "Zabel, Pascal"]
[Result "1/2-1/2"]
[WhiteElo "1653"]
[BlackElo "1178"]
[PlyCount "71"]
[EventDate "2023.09.03"]
[EventType "team-tourn"]
[EventRounds "9"]
[EventCountry "GER"]
[WhiteTeam "SV Horrem 1"]
[BlackTeam "Brühler SK 3"]

1. Nf3 Nf6 2. g3 g6 3. Bg2 Bg7 4. O-O O-O 5. d3 d5 6. Nbd2 Nbd7 7. e4 dxe4 8. dxe4 e5 9. Re1 Re8 10. b3 h6 11. Bb2 b5 12. Nf1 Bb7 13. N3d2 Nf8 14. Qe2 a6 15. Rad1 Qe7 16. Ne3 Rad8 17. c4 c6 18. Nc2 N6d7 19. Ba3 Qf6 20. c5 Ne6 21. b4 a5 22. Nb3 axb4 23. Bxb4 Qe7 24. Rc1 Ra8 25. a3 Nb8 26. Ne3 Na6 27. Red1 Red8 28. f3 Rxd1+ 29. Nxd1 Nd4 30. Nxd4 exd4 31. Nb2 {(=)} Bc8 32. Nd3 Nxb4 33. axb4 Be6 34. Bf1 Bc4 35. Qd1 f5 36. Nf2 {(=)} 1/2-1/2

[Event "SVM Verbandsliga West 2023-24"]
[Site "?"]
[Date "2024.02.04"]
[Round "6.1"]
[White "Weinkauf, Viktor"]
[Black "Meissner, Thomas"]
[Result "1-0"]
[WhiteElo "1886"]
[BlackElo "1984"]
[PlyCount "57"]
[EventDate "2023.09.03"]
[EventType "team-tourn"]
[EventRounds "9"]
[EventCountry "GER"]
[WhiteTeam "Aachener SV 3"]
[BlackTeam "SF Brand 1"]

1. c4 Nf6 2. Nc3 g6 3. d4 Bg7 4. e4 d6 5. Be2 O-O 6. Bg5 h6 7. Be3 e5 8. d5 Ne8 9. h4 f5 10. f3 Nf6 11. g4 f4 12. Bf2 c5 13. dxc6 bxc6 14. c5 d5 15. g5 hxg5 16. hxg5 Nh5 17. exd5 cxd5 18. Qxd5+ Qxd5 19. Nxd5 Ba6 20. Nc7 Bxe2 21. Nxe2 Nc6 22. Nxa8 Rxa8 23. O-O-O Rb8 24. Rd6 Ne7 25. Nc3 Nf5 26. Rxg6 Nhg3 27. Bxg3 fxg3 28. Ne4 Nd4 29. Nxg3 1-0

[Event "SVM Verbandsliga West 2023-24"]
[Site "?"]
[Date "2024.02.04"]
[Round "6.2"]
[White "Wendland, Guido"]
[Black "Ucaroglu, Melih Furkan"]
[Result "0-1"]
[WhiteElo "1832"]
[BlackElo "1929"]
[PlyCount "66"]
[EventDate "2023.09.03"]
[EventType "team-tourn"]
[EventRounds "9"]
[EventCountry "GER"]
[WhiteTeam "SF Brand 1"]
[BlackTeam "Aachener SV 3"]

1. e4 c5 2. Nf3 Nc6 3. d4 cxd4 4. Nxd4 Nf6 5. Nc3 e5 6. Ndb5 d6 7. a4 a6 8. Na3 Be6 9. Bg5 Be7 10. Bxf6 Bxf6 11. Nc4 Nd4 12. Ne3 Rc8 13. Bd3 Bg5 14. Ned5 O-O 15. O-O f5 16. f4 Bh6 17. Kh1 Kh8 18. g3 exf4 19. Nxf4 Bxf4 20. Rxf4 Qb6 21. Rb1 fxe4 22. Nxe4 Rxf4 23. gxf4 Rf8 24. Qh5 Qc6 25. Kg1 Rxf4 26. Nf6 h6 27. Qe8+ Qxe8 28. Nxe8 Bd5 29. Rf1 Nf3+ 30. Kg2 Nd2+ 31. Kg1 Nxf1 32. Bxf1 Rxa4 33. Nxd6 Ra2 0-1

[Event "SVM Verbandsliga West 2023-24"]
[Site "?"]
[Date "2024.02.04"]
[Round "6.3"]
[White "Roefe, Detlef"]
[Black "Bozidarevic, Slobodjan"]
[Result "1-0"]
[WhiteElo "1887"]
[BlackElo "1856"]
[PlyCount "102"]
[EventDate "2023.09.03"]
[EventType "team-tourn"]
[EventRounds "9"]
[EventCountry "GER"]
[WhiteTeam "Aachener SV 3"]
[BlackTeam "SF Brand 1"]

1. e4 d6 2. Nf3 Nf6 3. Nc3 c6 4. Bc4 Qc7 5. O-O Bg4 6. h3 Bh5 7. Re1 e5 8. g4 Bg6 9. d4 b5 10. dxe5 dxe5 11. Bd3 b4 12. Ne2 Nbd7 13. Ng3 Nc5 14. Qe2 Rd8 15. Kg2 Nfd7 16. Bc4 Nb6 17. Bb3 a5 18. Be3 f6 19. Bxc5 Bxc5 20. c3 bxc3 21. bxc3 a4 22. Bc4 Bf7 23. Bxf7+ Qxf7 24. Rad1 O-O 25. Rd2 Rxd2 26. Qxd2 Qc4 27. Rb1 a3 28. Rb3 Qe6 29. Nf5 Nc4 30. Qe2 Na5 31. Rb1 g6 32. Ng3 Nc4 33. Rb3 Rd8 34. Nf1 Na5 35. Rb1 Qc4 36. Qc2 Rd3 37. Rb8+ Kg7 38. g5 Qxc3 39. gxf6+ Kxf6 40. Qe2 Bd6 41. Rd8 Nb7 42. Rd7 Nc5 43. Ne1 Rd4 44. Rxh7 Nxe4 45. Ne3 Ng5 46. Rb7 Ne6 47. Qf3+ Nf4+ 48. Kf1 Qa5 49. Ng4+ Ke6 50. Qxc6 Qa4 51. Qc8+ Kd5 1-0

[Event "SVM Verbandsliga West 2023-24"]
[Site "?"]
[Date "2024.02.04"]
[Round "6.4"]
[White "Weischenberg, Jürgen"]
[Black "von der Weiden, Ralf"]
[Result "0-1"]
[WhiteElo "1820"]
[BlackElo "1796"]
[PlyCount "42"]
[EventDate "2023.09.03"]
[EventType "team-tourn"]
[EventRounds "9"]
[EventCountry "GER"]
[WhiteTeam "SF Brand 1"]
[BlackTeam "Aachener SV 3"]

1. d4 f5 2. Bg5 d6 3. Nc3 Nd7 4. Qd3 Ndf6 5. O-O-O h6 6. Bd2 g6 7. f3 Bg7 8. e4 e6 9. h4 Ne7 10. Nh3 Kf7 11. Be2 c6 12. g4 b5 13. g5 Nh5 14. Rdg1 Qb6 15. Be3 b4 16. Nd1 f4 17. gxh6 Bxh6 18. Bd2 a5 19. Ng5+ Bxg5 20. hxg5 Ba6 21. c4 bxc3 0-1

[Event "SVM Verbandsliga West 2023-24"]
[Site "?"]
[Date "2024.02.04"]
[Round "6.5"]
[White "Hinz, Laszlo"]
[Black "Schülting, David"]
[Result "1-0"]
[WhiteElo "1777"]
[BlackElo "1810"]
[PlyCount "65"]
[EventDate "2023.09.03"]
[EventType "team-tourn"]
[EventRounds "9"]
[EventCountry "GER"]
[WhiteTeam "Aachener SV 3"]
[BlackTeam "SF Brand 1"]

1. e4 e5 2. Nf3 Nf6 3. Nxe5 d6 4. Nf3 Nxe4 5. d3 Nf6 6. Be2 d5 7. b3 c5 8. Bb2 Nc6 9. O-O Bd6 10. d4 Bf5 11. Bd3 Ne4 12. c4 Nb4 13. cxd5 Nxd3 14. Qxd3 O-O 15. Re1 Re8 {(=)} 16. Nbd2 Nxd2 17. Qxf5 Nxf3+ 18. Qxf3 Qb6 19. Qc3 f6 20. dxc5 Bxc5 21. Qd2 Red8 22. Re2 Rac8 23. Rd1 Rd6 24. Qf4 Qa6 25. Qg4 {(=)} Rcd8 26. Re7 g6 27. Qh4 h5 28. Qe4 Kf8 29. Qxg6 Kxe7 30. Qg7+ Ke8 31. Re1+ Re6 32. dxe6 Rd2 33. Bxf6 1-0

[Event "SVM Verbandsliga West 2023-24"]
[Site "?"]
[Date "2024.02.04"]
[Round "6.6"]
[White "Henning, Karl-Heinz"]
[Black "Yanes, Adrian"]
[Result "0-1"]
[WhiteElo "1776"]
[BlackElo "1679"]
[PlyCount "40"]
[EventDate "2023.09.03"]
[EventType "team-tourn"]
[EventRounds "9"]
[EventCountry "GER"]
[WhiteTeam "SF Brand 1"]
[BlackTeam "Aachener SV 3"]

1. c4 e5 2. Nc3 Nf6 3. g3 d5 4. cxd5 Nxd5 5. Qa4+ Nc6 6. Bg2 Nxc3 7. dxc3 Qd6 8. Be3 Bd7 9. Rd1 Nd4 10. Rxd4 Bxa4 11. Rxd6 Bxd6 12. b3 Bc6 13. Bxc6+ bxc6 14. Nf3 a5 15. c4 Bb4+ 16. Kf1 f6 17. Kg2 Kf7 18. Rd1 Rhd8 19. Rxd8 Rxd8 20. Bc1 Rd1 0-1

[Event "SVM Verbandsliga West 2023-24"]
[Site "?"]
[Date "2024.02.04"]
[Round "6.7"]
[White "Hermann, David"]
[Black "Akingboye, Michael"]
[Result "1-0"]
[WhiteElo "1753"]
[BlackElo "1651"]
[PlyCount "66"]
[EventDate "2023.09.03"]
[EventType "team-tourn"]
[EventRounds "9"]
[EventCountry "GER"]
[WhiteTeam "Aachener SV 3"]
[BlackTeam "SF Brand 1"]

1. e4 c5 2. Nf3 e6 3. d4 cxd4 4. Nxd4 Nf6 5. Bd3 d5 6. exd5 Nxd5 7. O-O Bc5 8. Nf3 O-O 9. Bg5 Qb6 10. b3 Nd7 11. Nbd2 h6 12. Bh4 Re8 13. Nc4 Qc7 14. Bg3 e5 15. Re1 Bb4 16. Nfd2 b5 17. Ne3 Nc3 18. Qf3 Bb7 19. Qg4 Bd6 20. Nf5 g6 21. Nxh6+ Kf8 22. Bxg6 fxg6 23. Qxg6 Ke7 24. Bh4+ Nf6 25. Qxf6+ Kd7 26. Qf5+ Kc6 27. Qd3 Kb6 28. Nf5 Bc5 29. Qxc3 Qh7 30. b4 Bxb4 31. Qxb4 Qxf5 32. Qd6+ Bc6 33. Nc4+ Kb7 1-0

[Event "SVM Verbandsliga West 2023-24"]
[Site "?"]
[Date "2024.02.04"]
[Round "6.8"]
[White "Akhramsyah Muammar Ubaidah, Aqil Ainuddin"]
[Black "Voleske, Peter"]
[Result "1-0"]
[WhiteElo "1909"]
[BlackElo "1801"]
[PlyCount "87"]
[EventDate "2023.09.03"]
[EventType "team-tourn"]
[EventRounds "9"]
[EventCountry "GER"]
[WhiteTeam "SF Brand 1"]
[BlackTeam "Aachener SV 3"]

1. b4 d5 2. Bb2 Nf6 3. e3 Bg4 4. f3 Bf5 5. g4 Bg6 6. h4 h6 7. Nh3 Qd6 8. b5 Qg3+ 9. Nf2 c6 10. c4 e6 11. Qb3 Nbd7 12. Bxf6 gxf6 13. bxc6 bxc6 14. Qb7 Rb8 15. Qxc6 Bxb1 16. cxd5 Qd6 17. Bb5 Qxc6 18. Bxc6 Bh7 19. e4 Ba3 20. Ke2 Ke7 21. f4 Bd6 22. Ke3 Rb4 23. d4 Nb6 24. Nd3 Nc4+ 25. Ke2 Rbb8 26. f5 Ba3 27. Nf4 exf5 28. gxf5 Rb2+ 29. Kd3 Nd6 30. Rab1 Rhb8 31. Rxb2 Rxb2 32. Rg1 Nxf5 33. exf5 Bxf5+ 34. Kc4 Bd6 35. Nh5 Rxa2 36. Re1+ Kd8 37. Re8+ Kc7 38. Nxf6 Ra3 39. Ne4 Bxe4 40. Rxe4 a5 41. Rg4 Rf3 42. Kb5 Bb4 43. d6+ Kxd6 44. Bxf3 1-0

[Event "SVM Verbandsliga West 2023-24"]
[Site "?"]
[Date "2024.02.04"]
[Round "6.1"]
[White "Sautter, Joshua"]
[Black "Hüskens, Gerd"]
[Result "1-0"]
[WhiteElo "2031"]
[BlackElo "1816"]
[PlyCount "83"]
[EventDate "2023.09.03"]
[EventType "team-tourn"]
[EventRounds "9"]
[EventCountry "GER"]
[WhiteTeam "SV Lendersdorf 1"]
[BlackTeam "SG Kohlscheid 1"]

1. d4 Nf6 2. Bf4 g6 3. e3 Bg7 4. h3 O-O 5. Nf3 d6 6. Be2 Nc6 7. O-O Rb8 8. c4 Re8 9. Nc3 Bd7 10. Rc1 e5 11. Bh2 Qe7 12. Re1 a6 13. a3 Rbd8 14. Nd5 Qf8 15. Nxc7 Re7 16. Nd5 Ree8 17. b4 Na7 18. Nb6 Bc6 19. Qb3 Nd7 20. Nxd7 Bxd7 21. c5 Be6 22. Qb1 dxc5 23. bxc5 Qe7 24. Nxe5 Bxh3 25. gxh3 Bxe5 26. Bxe5 Qg5+ 27. Bg3 Nc6 28. h4 Qd5 29. Bf1 Ne7 30. Bg2 Qh5 31. Qxb7 Nf5 32. Bf3 Qh6 33. Qb3 g5 34. hxg5 Qxg5 35. Bg2 Re7 36. Bf4 Qg4 37. Qd1 Qg6 38. Qf3 Rde8 39. d5 Nd4 40. Qg3 Qxg3 41. Bxg3 Nf5 42. d6 1-0

[Event "SVM Verbandsliga West 2023-24"]
[Site "?"]
[Date "2024.02.04"]
[Round "6.2"]
[White "Gronloh, Carsten"]
[Black "Chraibi, Mohcine"]
[Result "1-0"]
[WhiteElo "1947"]
[BlackElo "1996"]
[PlyCount "97"]
[EventDate "2023.09.03"]
[EventType "team-tourn"]
[EventRounds "9"]
[EventCountry "GER"]
[WhiteTeam "SG Kohlscheid 1"]
[BlackTeam "SV Lendersdorf 1"]

1. c4 Nf6 2. Nc3 g6 3. g3 Bg7 4. Bg2 O-O 5. e4 d6 6. Nge2 c5 7. O-O Nbd7 8. h3 h5 9. f4 Re8 10. f5 Ne5 11. fxg6 fxg6 12. d3 Bd7 13. Rb1 a5 14. Bg5 Nh7 15. Be3 Qc8 16. Nd5 Ra6 17. Nef4 e6 18. Nc3 Qd8 19. b3 Qg5 20. Nce2 h4 21. Qd2 Qe7 22. d4 cxd4 23. Bxd4 Nf8 24. Nd3 Nh7 25. gxh4 Bc6 26. Ndf4 Bh6 27. Qc3 Qxh4 28. Bxe5 dxe5 29. Nxg6 Qg5 30. Qg3 Bg7 31. Qxg5 Nxg5 32. Nc3 Kh7 33. Nh4 Rd8 34. Rbd1 Raa8 35. Nf3 Nf7 36. h4 Kg6 37. Bh3 Nd6 38. Ng5 Bh6 39. Nxe6 Be3+ 40. Kh1 Nxe4 41. Bf5+ Kf6 42. Bxe4+ Kxe6 43. Bd5+ Ke7 44. Rf7+ Ke8 45. Rdf1 Bf4 46. Rh7 Ra6 47. Rg1 Bxd5+ 48. Nxd5 Bh6 49. Nc7+ 1-0